ბათუმის შოთა რუსთაველის სახელმწიფო უნივერსიტეტის ბიბლიოთეკა

Методические методы классической механики (ბიბ.ჩანაწერი № 47904)

000 -LEADER
fixed length control field 00598nam a2200205Ia 4500
001 - CONTROL NUMBER
control field 14781
003 - CONTROL NUMBER IDENTIFIER
control field GE_BSU
008 - FIXED-LENGTH DATA ELEMENTS--GENERAL INFORMATION
fixed length control field 181216s||||||||xx |||||||||||||| ||und||
040 ## - CATALOGING SOURCE
Transcribing agency GE_BSU
080 ## - UNIVERSAL DECIMAL CLASSIFICATION NUMBER
Universal Decimal Classification number 531
100 ## - MAIN ENTRY--PERSONAL NAME
Personal name Арнольд,В.И.
245 ## - TITLE STATEMENT
Title Методические методы классической механики
245 ## - TITLE STATEMENT
Statement of responsibility, etc. Ред.Н.Н.Колесников
260 ## - PUBLICATION, DISTRIBUTION, ETC.
Place of publication, distribution, etc. Москва
260 ## - PUBLICATION, DISTRIBUTION, ETC.
Name of publisher, distributor, etc. Наука
260 ## - PUBLICATION, DISTRIBUTION, ETC.
Date of publication, distribution, etc. 1974
300 ## - PHYSICAL DESCRIPTION
Extent 431стр.22см.
653 ## - INDEX TERM--UNCONTROLLED
Uncontrolled term Методические методы классической механики
942 ## - ADDED ENTRY ELEMENTS (KOHA)
Koha item type წიგნი
ეგზემპლარები
Withdrawn status Lost status Damaged status Not for loan Date acquired Barcode Date last seen Price effective from Koha item type
        2018-12-17 18169 2018-12-17 2018-12-17 წიგნი